Statistics for Airports after people 2/3

Click here to take the quiz!

General Stats

  • This quiz has been taken 28 times
  • The average score is 13 of 30

Answer Stats

Airport named after......is in City?% Correct
Fiorello H. La GuardiaNew York
92%
George H. W. BushHouston
88%
King Tribhuvan of NepalKathmandu
88%
Edward O'HareChicago
85%
George BestBelfast
81%
Marco PoloVenice
77%
Benigno "Ninoy" Aquino, Jr.Manila
73%
Wolfgang Amadeus MozartSalzburg
69%
Cristopher ColumbusGenoa
65%
Lester B. PearsonToronto
65%
Mother TeresaTirana
62%
Sabiha GökçenIstanbul
50%
Queen Alia al-HusseinAmman
46%
Julius NyerereDar es Salaam
42%
Franz LisztBudapest
35%
Alexander PushkinMoscow
35%
Yasser ArafatRafah
35%
Sir Charles Kingsford SmithSydney
35%
Antoine de Saint ExupéryLyon
27%
Gerald R. FordGrand Rapids
23%
Henri CoandăBucharest
19%
Vere "VC" Bird (name island->)Antigua
12%
Tenzing Norgay & Sir E. HillaryLukla
12%
Nicolaus CopernicusWroclaw
12%
Gebre Mesqel LalibelaLalibela
8%
Col. Emmanuel Kwasi KotokaAccra
4%
Generalissimo Francisco de MirandaCaracas
4%
Léon M'baLibreville
4%
Ibn Battuta (/Batouta)Tangier
4%
Giuseppe VerdiParma
0%

Score Distribution

Percentile by Number Answered

Percent of People with Each Score

Your Score History

You have not taken this quiz